[Event "London Golders Green op 4th"]
[Site "London"]
[Date "2014.08.24"]
[Round "4"]
[White "Mondal, Prince"]
[Black "Villiers, Thomas"]
[Result "1/2-1/2"]
[WhiteElo "1922"]
[BlackElo "2068"]
[PlyCount "45"]
[EventDate "2014.08.23"]
[EventType "swiss"]
[EventRounds "6"]
[EventCountry "ENG"]
[SourceTitle "EXT 2018"]
[Source "ChessBase"]
[SourceDate "2017.10.13"]
[SourceVersion "1"]
[SourceVersionDate "2017.10.13"]
[SourceQuality "1"]

1. e4 Nf6 2. e5 Nd5 3. d4 d6 4. c4 Nb6 5. exd6 exd6 6. Bd3 Nc6 7. Ne2 Qf6 8. Be3 Bg4 9. f3 Bf5 10. a3 Bxd3 11. Qxd3 Qg6 12. Qxg6 hxg6 13. Nd2 Be7 14. Rc1 0-0-0 15. b4 Rde8 16. Kf2 d5 17. c5 Nd7 18. Nf4 Bg5 19. Nxd5 Bxe3+ 20. Nxe3 Nxd4 21. Rc4 Ne6 22. f4 c6 23. Nf3 1/2-1/2

[Event "Hampstead op U2200 12"]
[Site "Hampstead"]
[Date "2013.12.21"]
[Round "3"]
[White "Eden, Tomer"]
[Black "Mondal, Prince"]
[Result "1-0"]
[WhiteElo "2189"]
[BlackElo "1939"]
[PlyCount "65"]
[EventDate "2013.12.21"]
[EventType "swiss"]
[EventRounds "5"]
[EventCountry "ENG"]
[SourceTitle "EXT 2015"]
[Source "ChessBase"]
[SourceDate "2014.11.20"]
[SourceVersion "1"]
[SourceVersionDate "2014.11.20"]
[SourceQuality "1"]

1. Nf3 Nf6 2. c4 c5 3. g3 Nc6 4. Bg2 g6 5. d4 cxd4 6. Nxd4 Bg7 7. 0-0 Qb6 8. Nc2 0-0 9. Nc3 d6 10. h3 Bd7 11. Rb1 Rfc8 12. e4 Ne5 13. b3 Bc6 14. Nd4 Qd8 15. Be3 Ned7 16. Qd2 Nc5 17. Nxc6 bxc6 18. e5 Ne8 19. exd6 Qxd6 20. Qc2 Ne6 21. Rfd1 Qc7 22. Na4 Rd8 23. Qe4 Rxd1+ 24. Rxd1 Rc8 25. Nc5 Nxc5 26. Bxc5 Nd6 27. Qe3 Nf5 28. Qd2 Bf6 29. Qd7 Kg7 30. Bxa7 Qxd7 31. Rxd7 Nd6 32. Bb6 c5 33. Rc7 1-0

[Event "Hampstead op U2200 12"]
[Site "Hampstead"]
[Date "2013.12.21"]
[Round "2"]
[White "Pride, Stephen C"]
[Black "Mondal, Prince"]
[Result "0-1"]
[WhiteElo "1797"]
[BlackElo "1939"]
[PlyCount "94"]
[EventDate "2013.12.21"]
[EventType "swiss"]
[EventRounds "5"]
[EventCountry "ENG"]
[SourceTitle "EXT 2015"]
[Source "ChessBase"]
[SourceDate "2014.11.20"]
[SourceVersion "1"]
[SourceVersionDate "2014.11.20"]
[SourceQuality "1"]

1. d4 Nf6 2. Bg5 d5 3. e3 c6 4. Bxf6 exf6 5. Nd2 Qb6 6. Rb1 Bf5 7. Bd3 Bxd3 8. cxd3 Bd6 9. Ngf3 0-0 10. 0-0 Nd7 11. Qc2 Rfe8 12. e4 Rac8 13. Rfe1 Qc7 14. Rbc1 Qb8 15. Qb1 b5 16. Nb3 Bb4 17. Re2 Qb6 18. a3 Bd6 19. Ree1 a5 20. g3 b4 21. a4 Qa7 22. Qc2 Qa8 23. Nc5 Bxc5 24. dxc5 dxe4 25. dxe4 Qb8 26. b3 Ne5 27. Qe2 Red8 28. Red1 Nxf3+ 29. Qxf3 Qe5 30. Qe3 Qe7 31. Kg2 Rxd1 32. Rxd1 Rd8 33. Rd4 Kf8 34. Qd3 Rxd4 35. Qxd4 Ke8 36. Kf3 Qe6 37. Qd3 Qe5 38. Qe3 Ke7 39. Ke2 Qb2+ 40. Kf3 Qe5 41. Ke2 Qh5+ 42. Kd3 Qd1+ 43. Qd2 Qxb3+ 44. Kd4 Qxa4 45. Ke3 Qb3+ 46. Ke2 Qc4+ 47. Ke1 Qxc5 0-1

[Event "London op Congress August"]
[Site "London"]
[Date "2013.08.24"]
[Round "2"]
[White "Mondal, Prince"]
[Black "French, Angus"]
[Result "1/2-1/2"]
[WhiteElo "1933"]
[BlackElo "2003"]
[PlyCount "75"]
[EventDate "2013.08.24"]
[EventType "swiss"]
[EventRounds "6"]
[EventCountry "ENG"]
[SourceTitle "EXT 2023"]
[Source "ChessBase"]
[SourceDate "2022.10.05"]
[SourceVersion "1"]
[SourceVersionDate "2022.10.05"]
[SourceQuality "1"]

1. e4 Nf6 2. e5 Nd5 3. d4 d6 4. c4 Nb6 5. exd6 cxd6 6. Bd3 g6 7. Nc3 Bg7 8. Be3 0-0 9. Nge2 Nc6 10. a3 e5 11. d5 Ne7 12. 0-0 Bf5 13. Bg5 Bxd3 14. Qxd3 h6 15. Bh4 Rc8 16. b3 a6 17. f3 Nd7 18. Ne4 Nc5 19. Nxc5 Rxc5 20. Rac1 Rc8 21. b4 Qd7 22. Rfd1 Nf5 23. Bf2 h5 24. Nc3 Rfe8 25. Ne4 Kf8 26. Be1 Ke7 27. Bd2 Rh8 28. c5 h4 29. cxd6+ Nxd6 30. Be3 Nxe4 31. fxe4 Bh6 32. Bc5+ Kf6 33. Rc2 Kg7 34. Rf2 Bf4 35. Rdf1 Qg4 36. Qf3 Qg5 37. Qc3 f6 38. Qh3 1/2-1/2

[Event "London op Congress August"]
[Site "London"]
[Date "2013.08.24"]
[Round "1"]
[White "Willmoth, Robert"]
[Black "Mondal, Prince"]
[Result "0-1"]
[WhiteElo "2174"]
[BlackElo "1933"]
[PlyCount "68"]
[EventDate "2013.08.24"]
[EventType "swiss"]
[EventRounds "6"]
[EventCountry "ENG"]
[SourceTitle "EXT 2023"]
[Source "ChessBase"]
[SourceDate "2022.10.05"]
[SourceVersion "1"]
[SourceVersionDate "2022.10.05"]
[SourceQuality "1"]

1. Nf3 c5 2. b3 Nf6 3. Bb2 d5 4. e3 Nc6 5. Bb5 e6 6. 0-0 Be7 7. d3 0-0 8. Bxc6 bxc6 9. Ne5 Qc7 10. f4 Nd7 11. Qh5 f6 12. Nf3 Nb6 13. Nbd2 Bd7 14. Rae1 a5 15. a4 Rfb8 16. Ba3 Be8 17. Qh3 Bf7 18. c4 Rd8 19. Qg3 dxc4 20. dxc4 Rd3 21. Qf2 Nxa4 22. Qe2 Rad8 23. Nd4 Rc3 24. Nb1 cxd4 25. Bxe7 Qxe7 26. Nxc3 Nxc3 27. Qb2 c5 28. Ra1 Ne4 29. exd4 cxd4 30. Rfe1 Bg6 31. g4 Qc5 32. Rad1 d3+ 33. Kg2 Qc6 34. Kg1 Qd6 0-1

[Event "Milan Palladino Memorial"]
[Site "Milan"]
[Date "2013.03.30"]
[Round "3"]
[White "Baltzopoulos, Giorgos"]
[Black "Mondal, Prince"]
[Result "1-0"]
[WhiteElo "1969"]
[BlackElo "1934"]
[PlyCount "83"]
[EventDate "2013.03.28"]
[EventType "swiss"]
[EventRounds "7"]
[EventCountry "ITA"]
[SourceTitle "EXT 2014"]
[Source "ChessBase"]
[SourceDate "2013.11.20"]
[SourceVersion "1"]
[SourceVersionDate "2013.11.20"]
[SourceQuality "1"]

1. d4 Nf6 2. c4 e6 3. Nc3 c5 4. d5 exd5 5. cxd5 d6 6. Nf3 g6 7. Nd2 Bg7 8. e4 0-0 9. Be2 Re8 10. 0-0 Nbd7 11. f4 a6 12. a4 Rb8 13. Qc2 Nf8 14. h3 Qe7 15. a5 Bd7 16. Bf3 Bb5 17. Re1 b6 18. Nxb5 axb5 19. a6 Nxd5 20. Qb3 Nb4 21. e5 Qa7 22. Ne4 Rbd8 23. Rd1 dxe5 24. Nd6 Re7 25. Nxb5 Rxd1+ 26. Qxd1 Qxa6 27. Rxa6 Nxa6 28. Qd8 Rd7 29. Qxb6 e4 30. Be2 Nb4 31. Qxc5 Nd3 32. Qc2 Rd5 33. Nc3 Bd4+ 34. Kh2 Rc5 35. Bxd3 exd3 36. Qxd3 Ne6 37. Be3 Bxe3 38. Qxe3 Rf5 39. Ne2 Rb5 40. Nd4 Rxb2 41. Nxe6 fxe6 42. Qxe6+ 1-0

[Event "Milan Palladino Memorial"]
[Site "Milan"]
[Date "2013.03.29"]
[Round "2"]
[White "Mondal, Prince"]
[Black "Pelizzola, Danilo"]
[Result "0-1"]
[WhiteElo "1934"]
[BlackElo "2093"]
[PlyCount "55"]
[EventDate "2013.03.28"]
[EventType "swiss"]
[EventRounds "7"]
[EventCountry "ITA"]
[SourceTitle "EXT 2014"]
[Source "ChessBase"]
[SourceDate "2013.11.20"]
[SourceVersion "1"]
[SourceVersionDate "2013.11.20"]
[SourceQuality "1"]

1. e4 e5 2. Nf3 Nc6 3. Bb5 a6 4. Ba4 Nf6 5. d3 d6 6. c3 Be7 7. 0-0 0-0 8. Re1 Bg4 9. Nbd2 b5 10. Bc2 Re8 11. h3 Bh5 12. Nf1 Bf8 13. Ng3 Bg6 14. a4 b4 15. d4 bxc3 16. bxc3 exd4 17. Nxd4 Nxd4 18. cxd4 c5 19. f4 h6 20. e5 Bxc2 21. Qxc2 cxd4 22. Bb2 dxe5 23. fxe5 Nd7 24. Bxd4 Nxe5 25. Rad1 Qg5 26. Ne4 Nf3+ 27. Kh1 Nxe1 28. Rxe1 0-1

[Event "Lugano New op 6th"]
[Site "Lugano"]
[Date "2012.04.06"]
[Round "1"]
[White "Meszaros, Gyula"]
[Black "Mondal, Prince"]
[Result "1-0"]
[WhiteElo "2273"]
[BlackElo "1799"]
[PlyCount "81"]
[EventDate "2012.04.06"]
[EventType "swiss"]
[EventRounds "6"]
[EventCountry "SUI"]
[SourceTitle "CBM 148 Extra"]
[Source "ChessBase"]
[SourceDate "2012.06.22"]
[SourceVersion "1"]
[SourceVersionDate "2012.06.22"]
[SourceQuality "1"]

1. d4 d5 2. Nc3 Bf5 3. f3 Nf6 4. g4 Bg6 5. g5 Ng8 6. e4 e6 7. Bg2 Be7 8. h4 h6 9. Nh3 c6 10. Qd3 Na6 11. Be3 Qd7 12. 0-0-0 0-0-0 13. Qd2 hxg5 14. hxg5 Bd6 15. Nf4 Ne7 16. Bh3 Bb4 17. a3 Ba5 18. Nxg6 Nxg6 19. Qd3 Bc7 20. Ne2 Kb8 21. Bg4 Qe7 22. Bh5 Nf8 23. c4 Nd7 24. Kb1 Nb6 25. c5 dxe4 26. Qxe4 Nd5 27. Bd2 f6 28. Nc3 f5 29. Nxd5 cxd5 30. Qe2 f4 31. Bg4 Qxg5 32. Qxe6 Rhe8 33. Qf5 Qxf5+ 34. Bxf5 Rf8 35. Bd3 Rf7 36. Rdg1 Rdd7 37. Rh8+ Rd8 38. Rh7 Rg8 39. Rg5 Rd7 40. Bb5 Rdd8 41. Rgxg7 1-0

[Event "Monza und Brianza Province-ch"]
[Site "Barlassina"]
[Date "2012.02.05"]
[Round "5"]
[White "Guzzetti, Luigi Enrico"]
[Black "Mondal, Prince"]
[Result "1/2-1/2"]
[WhiteElo "1905"]
[BlackElo "1768"]
[PlyCount "88"]
[EventDate "2012.02.03"]
[EventType "swiss"]
[EventRounds "5"]
[EventCountry "ITA"]
[SourceTitle "EXT 2024"]
[Source "ChessBase"]
[SourceDate "2023.10.10"]
[SourceVersion "1"]
[SourceVersionDate "2023.10.10"]
[SourceQuality "1"]

1. e4 c5 2. Nf3 e6 3. d4 cxd4 4. Nxd4 Nf6 5. Nc3 d6 6. Be2 a6 7. 0-0 Nbd7 8. Be3 Qc7 9. a4 b6 10. f3 Be7 11. Qd2 Bb7 12. Rfd1 Rc8 13. Bd3 Nc5 14. Bf1 0-0 15. Nb3 Rfd8 16. Qf2 Qb8 17. a5 b5 18. Nxc5 dxc5 19. Rxd8+ Bxd8 20. Bxc5 Nd7 21. Bb4 Bc7 22. g3 Ne5 23. Be2 Nc6 24. Na2 Nxa5 25. Bc5 Be5 26. Ba7 Qa8 27. Nb4 Nc6 28. Nxc6 Rxc6 29. c3 Qc8 30. Bd4 Bd6 31. Rd1 Be7 32. f4 b4 33. f5 bxc3 34. bxc3 exf5 35. exf5 h6 36. Bf3 Rd6 37. Re1 Bf6 38. Bxb7 Qxb7 39. Bxf6 Rxf6 40. g4 a5 41. Qg3 Qb6+ 42. Kg2 Qc6+ 43. Qf3 g6 44. Qxc6 Rxc6 1/2-1/2

[Event "Monza und Brianza Province-ch"]
[Site "Barlassina"]
[Date "2012.02.04"]
[Round "3"]
[White "Mondal, Prince"]
[Black "Carbone, Lorenzo"]
[Result "1-0"]
[WhiteElo "1768"]
[BlackElo "1698"]
[PlyCount "77"]
[EventDate "2012.02.03"]
[EventType "swiss"]
[EventRounds "5"]
[EventCountry "ITA"]
[SourceTitle "EXT 2024"]
[Source "ChessBase"]
[SourceDate "2023.10.10"]
[SourceVersion "1"]
[SourceVersionDate "2023.10.10"]
[SourceQuality "1"]

1. e4 c5 2. c3 d6 3. d4 cxd4 4. cxd4 Nf6 5. Nc3 e6 6. Bd3 Nc6 7. Bc2 Be7 8. Nge2 0-0 9. 0-0 a6 10. a3 b5 11. Qd3 b4 12. Nd1 Bb7 13. f4 Qb6 14. Kh1 Rac8 15. e5 Nxe5 16. fxe5 Be4 17. Qe3 Bxc2 18. exf6 Bxf6 19. axb4 Bxd1 20. Rxd1 Rc2 21. Qd3 Rfc8 22. Nc3 Rf2 23. Ne4 Rf5 24. Rxa6 Qc7 25. h3 Be7 26. Bd2 Rb8 27. Rc1 Qd8 28. Rac6 Rfb5 29. Qc2 d5 30. Nf2 Bf8 31. Nd3 Qh4 32. Be3 Qe4 33. Bf2 g6 34. Nc5 Qxc2 35. Rxc2 Rxb4 36. Na6 Rxb2 37. Nxb8 Rxb8 38. Bg3 Rb1+ 39. Rc1 1-0

[Event "Arco op"]
[Site "Arco"]
[Date "2011.12.28"]
[Round "5"]
[White "Engl, Alexander"]
[Black "Mondal, Prince"]
[Result "0-1"]
[WhiteElo "1497"]
[BlackElo "1786"]
[PlyCount "70"]
[EventDate "2011.12.26"]
[EventType "swiss"]
[EventRounds "7"]
[EventCountry "ITA"]
[SourceTitle "EXT 2023"]
[Source "ChessBase"]
[SourceDate "2022.10.05"]
[SourceVersion "1"]
[SourceVersionDate "2022.10.05"]
[SourceQuality "1"]

1. f4 c5 2. Nf3 d6 3. e3 g6 4. Be2 Bg7 5. d4 Bd7 6. 0-0 e6 7. c3 Ne7 8. e4 cxd4 9. cxd4 d5 10. e5 Nbc6 11. Nc3 a6 12. b3 b5 13. Bb2 Nf5 14. Qd2 h5 15. Nd1 Bf8 16. Ne3 Bb4 17. Bc3 Nxe3 18. Qxe3 Be7 19. Rac1 b4 20. Bb2 0-0 21. h3 h4 22. Ng5 Kg7 23. Bg4 Rh8 24. Bxe6 fxe6 25. Nxe6+ Bxe6 26. Rxc6 Qd7 27. Rfc1 Rac8 28. Rxc8 Rxc8 29. Rxc8 Qxc8 30. Qd2 Bf5 31. Kf2 Qc2 32. Ke1 Qxd2+ 33. Kxd2 Bb1 34. Kc1 Be4 35. g4 hxg3 0-1

[Event "Vimercate op 5th"]
[Site "Vimercate"]
[Date "2011.11.27"]
[Round "5"]
[White "Lipari, Alberto"]
[Black "Mondal, Prince"]
[Result "0-1"]
[WhiteElo "1652"]
[BlackElo "1786"]
[PlyCount "82"]
[EventDate "2011.11.25"]
[EventType "swiss"]
[EventRounds "5"]
[EventCountry "ITA"]
[SourceTitle "EXT 2014"]
[Source "ChessBase"]
[SourceDate "2013.11.20"]
[SourceVersion "1"]
[SourceVersionDate "2013.11.20"]
[SourceQuality "1"]

1. c4 c5 2. g3 Nf6 3. Bg2 Nc6 4. Nf3 d5 5. cxd5 Nxd5 6. Nc3 Nc7 7. 0-0 e5 8. d3 Be7 9. Qc2 Be6 10. a3 0-0 11. h4 f6 12. Nh2 Nd4 13. Qa4 Bb3 14. Qc4+ Bxc4 15. dxc4 Rb8 16. Rd1 Qc8 17. f4 Nb3 18. Rb1 Nxc1 19. Rbxc1 exf4 20. Rd3 fxg3 21. Nf1 b5 22. Rxg3 b4 23. Bh3 Qa6 24. Nb5 Nxb5 25. cxb5 Rxb5 26. Re3 Qb7 27. Bg2 Qc7 28. axb4 f5 29. Re6 Rb6 30. Bd5 Rxe6 31. Bxe6+ Kh8 32. Rc4 Rf6 33. Bd5 Rg6+ 34. Kf2 Rg4 35. Rc3 Bxh4+ 36. Ke3 Qe5+ 37. Kd2 Qxd5+ 38. Rd3 Rd4 39. Ne3 Rxd3+ 40. exd3 Bg5 41. Ke2 Bxe3 0-1